Historia del marxismo / (Record no. 141697)

MARC details
000 -LEADER
campo de control de longitud fija 00650nam a2200205 i 4500
001 - NÚMERO DE CONTROL
campo de control 141697
003 - IDENTIFICADOR DE NÚMERO DE CONTROL
campo de control ES-MaACL
005 - FECHA Y HORA DE LA ÚLTIMA TRANSACCIÓN
campo de control 20230906200340.0
007 - CAMPO FIJO DE DESCRIPCIÓN FÍSICA--INFORMACIÓN GENERAL
campo de control de longitud fija t|
008 - DATOS DE LONGITUD FIJA--INFORMACIÓN GENERAL
campo de control de longitud fija 070926s1977 sp ||||1| spa d
100 1# - ENTRADA PRINCIPAL--NOMBRE DE PERSONA
Nombre de persona Vranicki, Predrag.
9 (RLIN) 115759
245 10 - MENCIÓN DEL TÍTULO
Título Historia del marxismo /
Mención de responsabilidad, etc. Predrag Vranicki ; [tradujeron: Loly Morán, Alejandro Sierra y Juan Antonio P. Millán].
260 ## - PUBLICACIÓN, DISTRIBUCIÓN, ETC.
Lugar de publicación, distribución, etc. Salamanca :
Nombre del editor, distribuidor, etc. Sígueme,
Fecha de publicación, distribución, etc. 1977.
300 ## - DESCRIPCIÓN FÍSICA
Extensión 1 v. ;
Dimensiones 23 cm.
500 ## - NOTA GENERAL
Nota general Es el vol. 1º.
700 1# - ENTRADA AGREGADA--NOMBRE PERSONAL
Nombre de persona Morán, Loly.
9 (RLIN) 83107
700 1# - ENTRADA AGREGADA--NOMBRE PERSONAL
Nombre de persona Sierra, Alejandro.
9 (RLIN) 106240
700 1# - ENTRADA AGREGADA--NOMBRE PERSONAL
Nombre de persona Millán, J. Antonio P.
9 (RLIN) 81128
852 ## - LOCALIZACIÓN
Ubicación ES-MaACL
Número de control de estantería G-8083
Sublocalización o colección R.96198
Holdings
Estatus retirado Estado de pérdida Estado de daño No para préstamo Biblioteca de origen Biblioteca actual Ubicación en estantería Fecha de adquisición Fuente de adquisición Total de préstamos Signatura topográfica completa Código de barras Visto por última vez Precio de reemplazo Tipo de ítem Koha
        Biblioteca del Ateneo de Madrid Biblioteca del Ateneo de Madrid Sala Pecera Planta 3 17/01/2008     G-8083 1147438 23/02/2023 23/02/2023 Libro impreso